[Event "TCh-TUR Super League 2015"]
[Site "Kocaeli TUR"]
[Date "2015.08.08"]
[Round "6.5"]
[Board "6"]
[White "Koksal, Ege"]
[Black "Tasdogen, Dincer"]
[Result "1-0"]
[WhiteTitle "FM"]
[WhiteElo "2347"]
[BlackElo "1957"]
[WhiteTeam "T.S Alyans Satranc Sports Club"]
[BlackTeam "Calli Sports Club"]
[WhiteFideId "6317626"]
[BlackFideId "6367097"]
[EventDate "2015.08.04"]

1. d4 Nf6 2. Nf3 e6 3. c4 b6 4. g3 Bb7 5. Bg2 Be7 6. O-O O-O 7. Nc3 Ne4 8. Qc2
Nxc3 9. Qxc3 f5 10. b3 Bf6 11. Bb2 Qe7 12. Qd2 d6 13. Ne1 Bxg2 14. Nxg2 Nd7 15.
Rfe1 Qf7 16. e4 fxe4 17. Rxe4 e5 18. dxe5 Bxe5 19. f4 Bxb2 20. Qxb2 Rfe8 21.
Rae1 Nf6 22. R4e2 Rxe2 23. Rxe2 Re8 24. Rxe8+ Qxe8 25. Qd2 Qe4 26. h3 Qf3 27.
Qe3 Qxe3+ 28. Nxe3 Ne4 29. Kg2 Nc3 30. a4 c6 31. Kf3 Kf7 32. Nf5 d5 33. cxd5
Nxd5 34. Ke4 Kf6 35. Nd4 Nb4 36. g4 h6 37. h4 a6 38. g5+ hxg5 39. hxg5+ Kf7 40.
f5 c5 41. Ne6 Nc6 42. g6+ Kf6 43. Nc7 Kg5 44. Nxa6 Ne7 45. Ke5 Nc6+ 46. Kd5 Na5
47. Ke6 Nc6 48. Nxc5 bxc5 49. a5 Nd4+ 50. Kf7 Nxf5 51. a6 Kh6 52. a7 Nd6+ 53.
Kf8 1-0

[Event "TCh-TUR Super League 2015"]
[Site "Kocaeli TUR"]
[Date "2015.08.08"]
[Round "6.5"]
[Board "7"]
[White "Saba, Zafer Rabin"]
[Black "Cilek, Bora"]
[Result "1/2-1/2"]
[WhiteElo "1989"]
[BlackElo "1807"]
[WhiteTeam "Calli Sports Club"]
[BlackTeam "T.S Alyans Satranc Sports Club"]
[WhiteFideId "6329500"]
[BlackFideId "34502165"]
[EventDate "2015.08.04"]

1. d4 Nf6 2. Nf3 c5 3. c4 e6 4. d5 exd5 5. cxd5 d6 6. Nc3 g6 7. Bf4 a6 8. a4 Bg7
9. h3 O-O 10. e3 Qe7 11. Be2 Nbd7 12. O-O Ne8 13. Nd2 Ne5 14. Bh2 f5 15. Qb3 Nc7
16. Qb6 Rd8 17. Rad1 Rb8 18. f4 Nf7 19. Nc4 Na8 20. Qb3 Bd7 21. a5 Nc7 22. Bf3
Nb5 23. Na4 Nc7 24. Nab6 Bb5 25. Rfe1 Na8 26. e4 fxe4 27. Rxe4 Qc7 28. Nxa8 Rxa8
29. Nb6 Rab8 30. Bg4 Re8 31. Be6 Re7 32. Bg3 Bf6 33. Bf2 Rbe8 34. h4 Kh8 35. Rc1
Nd8 36. h5 Nxe6 37. dxe6 Bc6 38. Nd5 Bxd5 39. Qxd5 Qc6 40. Qxc6 bxc6 41. Rce1 d5
42. R4e2 Bd4 43. hxg6 hxg6 44. g4 Kg7 45. f5 gxf5 46. gxf5 Kf6 47. Bxd4+ cxd4
48. Rf1 Rg8+ 49. Rg2 Reg7 50. Rf2 d3 51. Rxg7 Rxg7+ 52. Kf1 c5 53. Ke1 c4 54.
Kd2 d4 55. b3 cxb3 56. Kxd3 Rb7 57. Rb2 Kxf5 58. Kxd4 Kxe6 59. Ke4 1/2-1/2

[Event "TCh-TUR Super League 2015"]
[Site "Kocaeli TUR"]
[Date "2015.08.08"]
[Round "6.5"]
[Board "8"]
[White "Ozbay, Ece"]
[Black "Uzun, Belemir"]
[Result "0-1"]
[WhiteTitle "WCM"]
[WhiteElo "1804"]
[BlackElo "1682"]
[WhiteTeam "T.S Alyans Satranc Sports Club"]
[BlackTeam "Calli Sports Club"]
[WhiteFideId "6351743"]
[BlackFideId "6365655"]
[EventDate "2015.08.04"]

1. e4 c6 2. Nc3 d5 3. Nf3 Bg4 4. h3 Bxf3 5. Qxf3 e6 6. d4 dxe4 7. Qxe4 Nf6 8.
Qh4 Be7 9. Bd3 Nd5 10. Qg3 Nxc3 11. bxc3 Bf6 12. Ba3 g6 13. O-O Be7 14. Bxe7
Qxe7 15. Qe5 O-O 16. Rab1 b6 17. f4 Nd7 18. Qe3 Qd6 19. Rbe1 Rad8 20. h4 Nf6 21.
Qf3 c5 22. dxc5 Qxc5+ 23. Kh1 Qh5 24. Qxh5 Nxh5 25. Rf3 Rc8 26. Ba6 Rc5 27. Rd1
Nf6 28. Rdd3 Ra5 29. Bc4 Rc8 30. Bb3 Rac5 31. Kg1 Ne4 32. c4 Nf6 33. Rd4 Kf8 34.
Rfd3 Ke7 35. Kf2 R5c7 36. Kf3 h5 37. Rd2 Rd7 38. c3 Rdc7 39. Ke2 Ng8 40. Ba4 Kf6
41. Bb5 Kf5 42. Kf3 Re7 43. Rd7 Rc7 44. Rd8 Nh6 45. R2d4 Kf6 46. Rd2 Nf5 47. g3
e5 48. fxe5+ Rxe5 49. R8d3 Rce7 50. Kf2 Re4 51. Rf3 Kg7 52. Rfd3 Nh6 53. Rd4
Ng4+ 54. Kg2 Re2+ 55. Rxe2 Rxe2+ 56. Kf1 Rxa2 57. Re4 Rc2 58. Re7 Rxc3 59. Rxa7
Rxg3 60. Rb7 Rh3 61. Rxb6 Rxh4 62. c5 Ne5 63. c6 Nxc6 64. Rxc6 Rf4+ 65. Kg2 Rf6
66. Rc5 Kh6 67. Kg3 g5 68. Bd3 h4+ 69. Kh2 Rd6 70. Bf1 Kg6 71. Bh3 Rd4 72. Rc6+
f6 73. Be6 g4 74. Rc5 Rf4 75. Bc4 f5 76. Rc6+ Kg5 77. Bf7 Rb4 78. Be6 Rb5 79.
Bd7 Ra5 80. Rc8 Ra2+ 81. Kg1 Ra5 82. Rh8 h3 83. Rb8 g3 84. Rb1 Ra2 85. Be6 Rg2+
86. Kh1 Rf2 87. Bc8 Kh4 88. Bxf5 Rxf5 89. Rb4+ Kg5 90. Kg1 Rf4 91. Rb8 Kg4 92.
Rb3 Rc4 93. Rb1 Rc2 94. Rf1 h2+ 95. Kh1 g2+ 96. Kxh2 gxf1=Q# 0-1

[Event "TCh-TUR Super League 2015"]
[Site "Kocaeli TUR"]
[Date "2015.08.08"]
[Round "6.6"]
[Board "2"]
[White "Benidze, Davit"]
[Black "Komut, Kaan"]
[Result "1-0"]
[WhiteTitle "GM"]
[WhiteElo "2469"]
[BlackElo "1919"]
[WhiteTeam "Kahramanmaras Buyuksehir Belediye Sports Club"]
[BlackTeam "Pamukkale Yonetimi Bilisim Sistemleri Zeka"]
[WhiteFideId "13603086"]
[BlackFideId "6309992"]
[EventDate "2015.08.04"]

1. Nf3 d5 2. g3 Nf6 3. Bg2 g6 4. O-O Bg7 5. d3 O-O 6. Nbd2 Re8 7. e4 dxe4 8.
dxe4 e5 9. Re1 b6 10. b3 Ba6 11. Bb2 Nc6 12. Nf1 Qe7 13. Ne3 Rad8 14. Nd2 Nb8
15. Qc1 c6 16. a4 Bh6 17. h3 Qc7 18. Bc3 Nfd7 19. Qb2 Nf8 20. Ndc4 f6 21. b4
Bxc4 22. Nxc4 Ne6 23. h4 b5 24. Ne3 Bxe3 25. Rxe3 a6 26. Bf1 Rd6 27. Rd3 Red8
28. Rad1 Rxd3 29. Bxd3 Kg7 30. Bd2 Nd7 31. Qa2 Nef8 32. Be3 Nb6 33. axb5 axb5
34. Qa5 Nfd7 35. Be2 Ra8 36. Rxd7+ Qxd7 37. Qxb6 h5 38. Kg2 f5 39. exf5 gxf5 40.
Qc5 Qe6 41. Bxh5 Qd5+ 42. Bf3 1-0

[Event "TCh-TUR Super League 2015"]
[Site "Kocaeli TUR"]
[Date "2015.08.08"]
[Round "6.6"]
[Board "3"]
[White "Yurtsever, Senel"]
[Black "Soysal, Serkan"]
[Result "0-1"]
[BlackTitle "FM"]
[WhiteElo "1843"]
[BlackElo "2293"]
[WhiteTeam "Pamukkale Yonetimi Bilisim Sistemleri Zeka"]
[BlackTeam "Kahramanmaras Buyuksehir Belediye Sports Club"]
[WhiteFideId "6390005"]
[BlackFideId "6349250"]
[EventDate "2015.08.04"]

1. e4 e6 2. d4 d5 3. e5 c5 4. c3 Nc6 5. Nf3 Bd7 6. dxc5 Bxc5 7. b4 Bb6 8. Bd3
Nge7 9. Bg5 Qc7 10. Bxe7 Nxe7 11. O-O Ng6 12. Re1 O-O 13. h4 f6 14. Bxg6 hxg6
15. Qd3 fxe5 16. Qxg6 Rf6 17. Qg3 e4 18. Qxc7 Bxc7 19. Ng5 Bb6 20. Re2 Raf8 21.
Nh3 Bb5 22. Rb2 e3 23. fxe3 Rf1+ 24. Kh2 Bxe3 25. a4 Bd3 26. Raa2 Bxb1 27. Ra1
Bd3 0-1

[Event "TCh-TUR Super League 2015"]
[Site "Kocaeli TUR"]
[Date "2015.08.08"]
[Round "6.6"]
[Board "6"]
[White "Yaran, Siar"]
[Black "Oz, Ozan"]
[Result "1/2-1/2"]
[WhiteTitle "CM"]
[WhiteElo "2179"]
[BlackElo "1807"]
[WhiteTeam "Kahramanmaras Buyuksehir Belediye Sports Club"]
[BlackTeam "Pamukkale Yonetimi Bilisim Sistemleri Zeka"]
[WhiteFideId "6323006"]
[BlackFideId "6349188"]
[EventDate "2015.08.04"]

1. c4 e6 2. Nf3 b6 3. g3 Bb7 4. Bg2 f5 5. Nc3 Bb4 6. O-O Nf6 7. d3 O-O 8. Qc2
Bxc3 9. Qxc3 Qe8 10. b3 d6 11. Bb2 e5 12. e4 fxe4 13. Nd2 Nc6 14. dxe4 Nd4 15.
Rae1 Qh5 16. f4 Rf7 17. h3 Raf8 18. Qd3 c5 19. f5 g6 20. g4 Qh4 21. Nf3 Qg3 22.
Re3 Bxe4 23. Rxe4 Nxe4 24. Qxe4 gxf5 25. gxf5 Rxf5 26. Bxd4 cxd4 27. Kh1 Kh8 28.
b4 Rf4 29. Qd5 Qg7 30. Nh2 Rf2 31. Rxf2 Rxf2 32. Ng4 Rxa2 33. Qe6 Qg6 34. Qe7
Qf5 35. Qd8+ Kg7 36. Qe7+ Qf7 37. Qg5+ Qg6 38. Qe7+ Qf7 39. Qg5+ Qg6 40. Qe7+
Qf7 1/2-1/2

[Event "TCh-TUR Super League 2015"]
[Site "Kocaeli TUR"]
[Date "2015.08.08"]
[Round "6.6"]
[Board "8"]
[White "Ayan, Bengu Sena"]
[Black "Celik, Eda"]
[Result "1/2-1/2"]
[WhiteElo "1693"]
[BlackElo "1656"]
[WhiteTeam "Kahramanmaras Buyuksehir Belediye Sports Club"]
[BlackTeam "Pamukkale Yonetimi Bilisim Sistemleri Zeka"]
[WhiteFideId "6346120"]
[BlackFideId "6351727"]
[EventDate "2015.08.04"]

1. e4 e5 2. Nf3 Nc6 3. Bb5 a6 4. Ba4 Nf6 5. O-O Be7 6. Re1 b5 7. Bb3 d6 8. c3
O-O 9. h3 Na5 10. Bc2 c5 11. d4 Qc7 12. d5 Bd7 13. Nbd2 g6 14. Nf1 Nh5 15. N1d2
Nf6 16. Nf1 Nh5 17. Bh6 Ng7 18. Ng3 Nb7 19. a4 Rab8 20. axb5 axb5 21. b3 c4 22.
b4 Nd8 23. Ra5 f6 24. Qa1 Nf7 25. Bd2 f5 26. exf5 gxf5 27. Qb1 Qb7 28. Nxf5 Nxf5
29. Bxf5 Bxf5 30. Qxf5 Qxd5 31. Ra7 Rb7 32. Rxb7 Qxb7 33. Qe6 Kh8 34. h4 Nd8 35.
Qh3 Qd5 36. Bg5 Bf6 37. Qd7 Ne6 38. Bh6 Rg8 39. Re3 e4 40. Qf7 Rxg2+ 41. Kh1 Rg6
42. Qe8+ Rg8 43. Qf7 Bxh4 44. Nd4 Qa8 45. Rg3 Bxg3 46. Qf6+ Ng7 47. fxg3 Qa1+
48. Kg2 Qxc3 49. Bxg7+ Rxg7 50. Qf8+ Rg8 51. Qf6+ 1/2-1/2

[Event "TCh-TUR Super League 2015"]
[Site "Kocaeli TUR"]
[Date "2015.08.08"]
[Round "6.7"]
[Board "1"]
[White "Harikrishna, Pentala"]
[Black "Cheparinov, Ivan"]
[Result "1/2-1/2"]
[WhiteTitle "GM"]
[BlackTitle "GM"]
[WhiteElo "2740"]
[BlackElo "2690"]
[WhiteTeam "Istanbul Technical University Sports Club"]
[BlackTeam "Turk Hava Yollari (Thy) Sports Club"]
[WhiteFideId "5007003"]
[BlackFideId "2905540"]
[EventDate "2015.08.04"]

1. Nf3 Nf6 2. c4 c5 3. Nc3 Nc6 4. g3 g6 5. Bg2 Bg7 6. d4 cxd4 7. Nxd4 O-O 8. O-O
Qa5 9. Nc2 d6 10. Bd2 Qh5 11. e4 Ng4 12. h3 Nge5 13. Qxh5 gxh5 14. Ne3 Bxh3 15.
f4 Bxg2 16. Kxg2 Ng4 17. Nf5 Bxc3 18. Bxc3 e6 19. Nxd6 Ne3+ 20. Kf2 Nxf1 21.
Rxf1 b6 22. Bf6 h6 23. Rh1 Kh7 24. f5 Rg8 25. Rxh5 Rg6 26. fxg6+ Kxg6 27. g4
Kxf6 28. Rxh6+ Kg7 29. Nf5+ Kg8 30. Nh4 Ne5 31. Kg3 Nxc4 32. b3 Ne5 33. Rh5 Nd3
34. g5 Kg7 35. g6 fxg6 36. Rg5 Kf7 37. Rxg6 Rc8 38. Rh6 Rg8+ 39. Kf3 a5 40. Ng2
Ne5+ 41. Kf4 Nd3+ 42. Kf3 Ne5+ 43. Kf4 Nd3+ 1/2-1/2

[Event "TCh-TUR Super League 2015"]
[Site "Kocaeli TUR"]
[Date "2015.08.08"]
[Round "6.7"]
[Board "2"]
[White "Salgado Lopez, Ivan"]
[Black "Ipatov, Alexander"]
[Result "1/2-1/2"]
[WhiteTitle "GM"]
[BlackTitle "GM"]
[WhiteElo "2615"]
[BlackElo "2621"]
[WhiteTeam "Turk Hava Yollari (Thy) Sports Club"]
[BlackTeam "Istanbul Technical University Sports Club"]
[WhiteFideId "2257327"]
[BlackFideId "14116731"]
[EventDate "2015.08.04"]

1. e4 e5 2. Nf3 Nc6 3. Bb5 a6 4. Ba4 Nge7 5. Nc3 d6 6. O-O h6 7. a3 g6 8. d4 Bd7
9. dxe5 dxe5 10. Be3 Bg7 11. Bb3 Bg4 12. Nd5 Nd4 13. Bxd4 exd4 14. h3 Bxf3 15.
Qxf3 O-O 16. Nxe7+ 1/2-1/2

[Event "TCh-TUR Super League 2015"]
[Site "Kocaeli TUR"]
[Date "2015.08.08"]
[Round "6.7"]
[Board "3"]
[White "Can, Emre"]
[Black "Kerigan, Demre"]
[Result "1-0"]
[WhiteTitle "GM"]
[BlackTitle "IM"]
[WhiteElo "2547"]
[BlackElo "2406"]
[WhiteTeam "Istanbul Technical University Sports Club"]
[BlackTeam "Turk Hava Yollari (Thy) Sports Club"]
[WhiteFideId "6302181"]
[BlackFideId "6307841"]
[EventDate "2015.08.04"]

1. d4 Nf6 2. c4 g6 3. Nc3 Bg7 4. e4 d6 5. Nf3 O-O 6. Be2 e5 7. O-O Nbd7 8. Be3
Re8 9. d5 Nh5 10. g3 Bf8 11. Ne1 Ng7 12. Nd3 f5 13. f3 Be7 14. Qd2 Nf6 15. Bh6
fxe4 16. fxe4 Bh3 17. Rxf6 Bxf6 18. g4 Kh8 19. Nf2 Nh5 20. Nxh3 Nf4 21. Nxf4
exf4 22. Bxf4 Qe7 23. Bf3 Rf8 24. Rf1 Rf7 25. Ne2 Kg8 26. Bg2 Raf8 27. Bh6 Bg7
28. Bxg7 Rxf1+ 29. Bxf1 Qxg7 30. Nd4 Qf6 31. Bg2 Qh4 32. Ne6 Rf7 33. Qe2 Qf6 34.
g5 Qe5 35. Qd2 Re7 36. Qc3 Qxc3 37. bxc3 b6 38. Kf2 Kf7 39. h4 Ke8 40. Bh3 Rf7+
41. Ke3 Re7 42. h5 Kf7 43. h6 Ke8 44. Ng7+ 1-0

[Event "TCh-TUR Super League 2015"]
[Site "Kocaeli TUR"]
[Date "2015.08.08"]
[Round "6.7"]
[Board "4"]
[White "Baglan, Esat"]
[Black "Kinsiz, Onur"]
[Result "1/2-1/2"]
[WhiteTitle "FM"]
[WhiteElo "2280"]
[BlackElo "2250"]
[WhiteTeam "Turk Hava Yollari (Thy) Sports Club"]
[BlackTeam "Istanbul Technical University Sports Club"]
[WhiteFideId "6309216"]
[BlackFideId "6301517"]
[EventDate "2015.08.04"]

1. e4 d6 2. d4 Nf6 3. Nc3 e5 4. Nf3 Nbd7 5. g4 g6 6. g5 Nh5 7. Be3 Bg7 8. Qd2 c6
9. O-O-O O-O 10. h4 Qa5 11. Kb1 Re8 12. a3 Rb8 13. dxe5 dxe5 14. Bh3 Nb6 15.
Bxb6 Qxb6 16. Bxc8 Rbxc8 17. Nh2 Rcd8 18. Qe3 Rd4 19. Ne2 Rdd8 20. Qf3 Rxd1+ 21.
Rxd1 Rd8 22. Nc3 Rxd1+ 23. Nxd1 h6 24. gxh6 Bxh6 25. Ne3 Bf4 26. Nhg4 Qd8 27.
Ng2 Qe7 28. Qc3 f6 29. f3 Kg7 30. a4 Qd6 31. a5 b5 32. Nxf4 Nxf4 33. Qe3 c5 34.
Qe1 b4 35. Qf1 1/2-1/2

[Event "TCh-TUR Super League 2015"]
[Site "Kocaeli TUR"]
[Date "2015.08.08"]
[Round "6.7"]
[Board "5"]
[White "Asan, Elvan"]
[Black "Yildiz, Betul Cemre"]
[Result "0-1"]
[BlackTitle "WGM"]
[WhiteElo "1810"]
[BlackElo "2345"]
[WhiteTeam "Istanbul Technical University Sports Club"]
[BlackTeam "Turk Hava Yollari (Thy) Sports Club"]
[WhiteFideId "6312209"]
[BlackFideId "6302920"]
[EventDate "2015.08.04"]

1. e4 e5 2. Nf3 Nc6 3. Bc4 Nf6 4. d3 Be7 5. c3 O-O 6. O-O d6 7. Bb3 Na5 8. Bc2
c5 9. a4 Nc6 10. Re1 Re8 11. h3 h6 12. Na3 Bf8 13. Nc4 Be6 14. Bb3 g6 15. Qc2
Bg7 16. Ne3 d5 17. exd5 Nxd5 18. Nxd5 Bxd5 19. Bxd5 Qxd5 20. Be3 Rad8 21. Rad1
b6 22. Bc1 Re6 23. Rd2 Qd7 24. Red1 Rd6 25. Ne1 Ne7 26. Qb3 Nd5 27. Qb5 Qf5 28.
Re2 Nc7 29. Qc4 Qd7 30. f4 Re8 31. fxe5 Bxe5 32. Kh1 Rf6 33. g4 Bd4 34. Re4 Rf1+
35. Kg2 Rf2+ 36. Kg1 Rxe4 37. cxd4 Rxd4 38. Qc3 Re2 39. Nf3 Nd5 40. Qb3 Rxg4+ 0-1

[Event "TCh-TUR Super League 2015"]
[Site "Kocaeli TUR"]
[Date "2015.08.08"]
[Round "6.7"]
[Board "6"]
[White "Dastan, Muhammed Batuhan"]
[Black "Bortnyk, Olexandr"]
[Result "1-0"]
[WhiteTitle "IM"]
[BlackTitle "IM"]
[WhiteElo "2448"]
[BlackElo "2553"]
[WhiteTeam "Turk Hava Yollari (Thy) Sports Club"]
[BlackTeam "Istanbul Technical University Sports Club"]
[WhiteFideId "6300014"]
[BlackFideId "14120828"]
[EventDate "2015.08.04"]

1. e4 c5 2. Nf3 Nc6 3. d4 cxd4 4. Nxd4 e6 5. Nc3 Qc7 6. Be3 Nf6 7. f4 Bb4 8. Nb5
Qa5 9. e5 Nd5 10. Bd2 Nxc3 11. Bxc3 Bxc3+ 12. Nxc3 O-O 13. Qd2 f6 14. exf6 Rxf6
15. O-O-O d5 16. g3 Rb8 17. Kb1 b5 18. Bd3 b4 19. Ne2 Qc5 20. Rhe1 a5 21. Ng1 a4
22. Qe3 Qxe3 23. Rxe3 a3 24. b3 h6 25. Nf3 Bd7 26. Be2 Be8 27. Nd4 Nxd4 28. Rxd4
Bg6 29. Kc1 Be4 30. Bd3 Bxd3 31. Rexd3 g5 32. Kd2 gxf4 33. gxf4 Kf7 34. Re3 Rg6
35. Rg3 Rf6 36. Rg2 Ke7 37. c3 bxc3+ 38. Kxc3 Rbf8 39. Rf2 Rc8+ 40. Kb4 Ra8 41.
Kc3 Rff8 42. Kd3 Rg8 43. f5 Raf8 44. Ra4 Rxf5 45. Rxf5 exf5 46. Kd4 Rg2 47. Rxa3
Rxh2 48. Kxd5 Re2 49. b4 f4 50. b5 Rf2 51. Kc6 f3 52. Rc3 Kf6 53. a4 Ra2 54.
Rxf3+ Kg5 55. Rg3+ Kf4 56. Rh3 Kg5 57. Rg3+ Kf4 58. Rh3 Kg5 59. b6 Rxa4 60. Rb3
Ra8 61. b7 Rb8 62. Kc7 Rxb7+ 63. Rxb7 h5 64. Kd6 Kf4 65. Rh7 Kg4 66. Ke5 h4 67.
Ke4 Kg3 68. Ke3 h3 69. Rg7+ Kh2 70. Kf2 Kh1 71. Kg3 1-0

[Event "TCh-TUR Super League 2015"]
[Site "Kocaeli TUR"]
[Date "2015.08.08"]
[Round "6.7"]
[Board "7"]
[White "Aydincelebi, Kagan"]
[Black "Eren, Ataberk"]
[Result "1/2-1/2"]
[WhiteTitle "FM"]
[WhiteElo "1977"]
[BlackElo "1997"]
[WhiteTeam "Istanbul Technical University Sports Club"]
[BlackTeam "Turk Hava Yollari (Thy) Sports Club"]
[WhiteFideId "6361102"]
[BlackFideId "6349765"]
[EventDate "2015.08.04"]

1. d4 Nf6 2. Nf3 c5 3. d5 e6 4. Nc3 d6 5. e4 exd5 6. Nxd5 Nxd5 7. Qxd5 Nc6 8.
Ng5 Qc7 9. Bc4 Ne5 10. Bb5+ Bd7 11. Bxd7+ Qxd7 12. f4 Nc6 13. Be3 h6 14. Nf3
O-O-O 15. c3 Qe6 16. Qxe6+ fxe6 17. O-O d5 18. Rad1 Be7 19. e5 b6 20. h4 h5 21.
Rd2 Rhf8 22. g3 Kb7 23. Kg2 Rd7 24. Rfd1 a5 25. a4 Ka6 26. c4 d4 27. Bf2 Kb7 28.
Ne1 g6 29. Nd3 Nd8 30. b3 Rf5 31. Rh1 1/2-1/2

[Event "TCh-TUR Super League 2015"]
[Site "Kocaeli TUR"]
[Date "2015.08.08"]
[Round "6.7"]
[Board "8"]
[White "Dogan, Sevval"]
[Black "Hereklioglu, Sude"]
[Result "1/2-1/2"]
[BlackTitle "WCM"]
[WhiteElo "1737"]
[BlackElo "1796"]
[WhiteTeam "Turk Hava Yollari (Thy) Sports Club"]
[BlackTeam "Istanbul Technical University Sports Club"]
[WhiteFideId "6322565"]
[BlackFideId "6359531"]
[EventDate "2015.08.04"]

1. e4 c5 2. Nf3 e6 3. d3 Nc6 4. g3 g6 5. Bg2 Bg7 6. O-O Nge7 7. Nbd2 O-O 8. Re1
d6 9. c3 b5 10. Nf1 e5 11. Be3 b4 12. d4 bxc3 13. bxc3 Qa5 14. d5 Nb8 15. c4 Nd7
16. Qc2 Qc7 17. Rab1 Nb6 18. N3d2 f5 19. f3 Bd7 20. Bf2 f4 21. g4 g5 22. h3 Ng6
23. Nh2 Qc8 24. Bf1 Qa6 25. Rec1 Kf7 26. Nb3 Ba4 27. Qd2 Rac8 28. Qa5 Qxa5 29.
Nxa5 Rb8 30. Be2 Rh8 31. Nb3 h5 32. Nd2 hxg4 33. hxg4 Rh7 34. Ndf1 Rbh8 35. Rc3
Ra8 36. Ra3 Rhh8 37. Bd3 Bf6 38. Be1 Rhb8 39. Nd2 Bd8 40. Ndf1 Be7 41. Nd2 Nf8
42. Ndf1 Ng6 1/2-1/2

[Event "TCh-TUR Super League 2015"]
[Site "Kocaeli TUR"]
[Date "2015.08.09"]
[Round "7.1"]
[Board "2"]
[White "Fedorchuk, Sergey A."]
[Black "Salgado Lopez, Ivan"]
[Result "1/2-1/2"]
[WhiteTitle "GM"]
[BlackTitle "GM"]
[WhiteElo "2653"]
[BlackElo "2615"]
[WhiteTeam "Kayseri Seker Sports Club"]
[BlackTeam "Turk Hava Yollari (Thy) Sports Club"]
[WhiteFideId "14102536"]
[BlackFideId "2257327"]
[EventDate "2015.08.04"]

1. e4 e5 2. Nf3 Nc6 3. Bb5 Nf6 4. d3 d6 5. c3 Bd7 6. Ba4 g6 7. Bg5 h6 8. Bh4 Be7
9. Nbd2 Nh5 10. Bg3 Bf6 11. O-O O-O 12. Re1 a6 13. Nf1 Nxg3 14. hxg3 Bg7 15. Ne3
Kh7 16. Bc2 Ne7 17. Qd2 b5 18. a4 c6 19. b4 d5 20. Bb3 Be6 21. Qa2 a5 22. Qc2
axb4 23. cxb4 bxa4 24. Rxa4 Qd6 25. Rb1 Rab8 26. Qa2 Rb6 27. Nc2 Rfb8 28. Ra6
Qd8 29. Rxb6 Rxb6 30. Re1 Qb8 31. Nd2 Qb7 32. Ra1 Bc8 33. Qa8 Ra6 34. Rxa6 Qxa6
35. Qxa6 Bxa6 36. Ne3 Bb7 37. Nd1 Nc8 38. Nc3 Nb6 39. b5 dxe4 1/2-1/2

[Event "TCh-TUR Super League 2015"]
[Site "Kocaeli TUR"]
[Date "2015.08.09"]
[Round "7.1"]
[Board "3"]
[White "Dastan, Muhammed Batuhan"]
[Black "Kanmazalp, Ogulcan"]
[Result "1-0"]
[WhiteTitle "IM"]
[BlackTitle "IM"]
[WhiteElo "2448"]
[BlackElo "2468"]
[WhiteTeam "Turk Hava Yollari (Thy) Sports Club"]
[BlackTeam "Kayseri Seker Sports Club"]
[WhiteFideId "6300014"]
[BlackFideId "6304990"]
[EventDate "2015.08.04"]

1. e4 e6 2. d3 d5 3. Nd2 Nf6 4. Qe2 Be7 5. g3 c5 6. Bg2 Nc6 7. Ngf3 O-O 8. e5
Ne8 9. O-O b5 10. Re1 a5 11. h4 b4 12. Nf1 Nc7 13. Bf4 a4 14. c4 bxc3 15. bxc3
Nb5 16. Rac1 Ba6 17. N1h2 a3 18. Ng5 Qe8 19. Ng4 h6 20. Nh3 h5 21. Nh2 Nc7 22.
Red1 Rb8 23. Rd2 Rb2 24. Rxb2 axb2 25. Rb1 c4 26. d4 Nxd4 27. Qxh5 f5 28. Qxe8
Rxe8 29. Rxb2 Ba3 30. Rd2 Ndb5 31. Rc2 d4 32. cxd4 Nxd4 33. Rd2 Ncb5 34. Nf3
Nxf3+ 35. Bxf3 c3 36. Rd7 Bc8 37. Rd3 c2 38. Bc6 1-0

[Event "TCh-TUR Super League 2015"]
[Site "Kocaeli TUR"]
[Date "2015.08.09"]
[Round "7.1"]
[Board "4"]
[White "Yilmazyerli, Mert"]
[Black "Kerigan, Demre"]
[Result "1/2-1/2"]
[WhiteTitle "IM"]
[BlackTitle "IM"]
[WhiteElo "2450"]
[BlackElo "2406"]
[WhiteTeam "Kayseri Seker Sports Club"]
[BlackTeam "Turk Hava Yollari (Thy) Sports Club"]
[WhiteFideId "6305962"]
[BlackFideId "6307841"]
[EventDate "2015.08.04"]

1. e4 e5 2. Nc3 Nf6 3. Bc4 Nc6 4. d3 Na5 5. Nge2 d6 6. O-O Be7 7. Bb3 c6 8. f4
O-O 9. f5 b5 10. Ng3 b4 11. Nb1 d5 12. Qf3 dxe4 13. Nxe4 Bb7 14. Be3 Nxe4 15.
Qxe4 c5 16. Qg4 c4 17. dxc4 Qc8 18. Nd2 Bc5 19. Qg3 Qc6 20. Rf2 f6 21. Nf1 Rad8
22. Bxc5 Qxc5 23. Qe3 Qxe3 24. Nxe3 Kh8 25. Rff1 Rd4 26. Rad1 Rfd8 27. c3 bxc3
28. bxc3 Rxd1 29. Rxd1 Rxd1+ 30. Bxd1 Kg8 31. Kf2 Kf8 32. c5 Ke7 33. Ba4 Kd8 34.
Ke2 Be4 35. Bc2 Bc6 1/2-1/2

[Event "TCh-TUR Super League 2015"]
[Site "Kocaeli TUR"]
[Date "2015.08.09"]
[Round "7.1"]
[Board "5"]
[White "Yildiz, Betul Cemre"]
[Black "Atalik, Ekaterina"]
[Result "1/2-1/2"]
[WhiteTitle "WGM"]
[BlackTitle "IM"]
[WhiteElo "2345"]
[BlackElo "2382"]
[WhiteTeam "Turk Hava Yollari (Thy) Sports Club"]
[BlackTeam "Kayseri Seker Sports Club"]
[WhiteFideId "6302920"]
[BlackFideId "4130189"]
[EventDate "2015.08.04"]

1. e4 e5 2. Nf3 Nc6 3. Nc3 Nf6 4. d4 exd4 5. Nxd4 Bb4 6. Nxc6 bxc6 7. Bd3 O-O 8.
O-O d5 9. exd5 cxd5 10. h3 c6 11. Qf3 Rb8 12. Bf4 Bd6 13. b3 Rb7 14. Rad1 Re7
15. Bxd6 Qxd6 16. Rfe1 Rxe1+ 17. Rxe1 Be6 18. Ne2 Re8 19. Nd4 c5 20. Nf5 Qd7 21.
Ne3 d4 22. Nf5 Bxf5 23. Rxe8+ Nxe8 24. Bxf5 Qe7 25. Bd3 g6 26. g3 Kg7 27. Qc6
Nf6 28. Kg2 h5 29. h4 Ng4 30. Bc4 Qe1 31. Qf3 Qe7 32. Qc6 a5 33. Qf3 Nf6 34. Bd3
Qd7 35. Bc4 Qe7 36. Bd3 1/2-1/2

[Event "TCh-TUR Super League 2015"]
[Site "Kocaeli TUR"]
[Date "2015.08.09"]
[Round "7.1"]
[Board "6"]
[White "Yurtseven, Melih"]
[Black "Baglan, Esat"]
[Result "1/2-1/2"]
[WhiteTitle "FM"]
[BlackTitle "FM"]
[WhiteElo "2299"]
[BlackElo "2280"]
[WhiteTeam "Kayseri Seker Sports Club"]
[BlackTeam "Turk Hava Yollari (Thy) Sports Club"]
[WhiteFideId "6312160"]
[BlackFideId "6309216"]
[EventDate "2015.08.04"]

1. e4 e6 2. d4 d5 3. e5 c5 4. c3 Qb6 5. Nf3 Nc6 6. a3 Nh6 7. Bxh6 gxh6 8. b4
cxd4 9. cxd4 Bd7 10. Be2 Rg8 11. O-O Rg4 12. h3 Rf4 13. g3 Rxf3 14. Bxf3 Qxd4
15. Qxd4 Nxd4 16. Bd1 Rc8 17. Nd2 Rc3 18. Kg2 Bc6 19. Nf3 Nxf3 20. Bxf3 Bg7 21.
Rfe1 Ke7 22. Ra2 a6 23. g4 Bh8 24. h4 Bg7 25. h5 Bh8 1/2-1/2